Teoría del delito (Registro nro. 23059)
[ vista simple ]
| 000 -ENCABEZADO | |
|---|---|
| Número de control [NR] | 00739nam a2200229Ia 4500 |
| 008 - DE LONGITUD FIJA DE DATOS DE ELEMENTOS - INFORMACIÓN GENERAL | |
| Elementos de longitud fija [NR] | 130821s1993 ag gr spa |
| 020 ## - NUMERO INTERNACIONAL NORMALIZADO PARA LIBROS [R] | |
| Número Internacional Normalizado del libro [NR] | 9507410317 |
| 040 ## - FUENTE DE CATALOGACION [NR] | |
| Agencia de catalogación original [NR] | Co-BoUCM |
| Idioma de catalogación [NR] | spa |
| 041 00 - CODIGO DE IDIOMA [R] | |
| Código de idioma para texto/pista de sonido o título separado [R] | Español |
| 100 1# - ASIENTO PRINCIPAL--NOMBRE PERSONAL [NR] | |
| Nombre personal [NR] | Frias Caballero, Jorge |
| ID Autoridad | 115473 |
| 245 10 - MENCION DE TITULO [NR] | |
| Título [NR] | Teoría del delito |
| Mención de responsabilidad, etc. [NR] | Jorge Frias Caballero ; Diego Codino ; Rodrigo Codino |
| 260 ## - PUBLICACION, DISTRIBUCION, ETC. (PIE DE IMPRENTA) [R] | |
| Lugar de publicación, distribución, etc. [R] | Buenos Aires (Argentina) |
| Nombre del editor, distribuidor, etc. [R] | Hammurabi |
| Fecha de publicación, distribución, etc. [R] | 1993 |
| 300 ## - DESCRIPCION FISICA [R] | |
| Extensión [R] | 503 páginas |
| 504 ## - NOTA DE BIBLIOGRAFIA, ETC. [R] | |
| Nota de bibliografía, etc. [NR] | |
| 650 04 - ASIENTO SECUNDARIO DE MATERIA - TERMINO TEMATICO [R] | |
| Término temático o nombre geográfico como elemento de entrada [NR] | Delitos |
| 9 (RLIN) | 12564 |
| 650 04 - ASIENTO SECUNDARIO DE MATERIA - TERMINO TEMATICO [R] | |
| Término temático o nombre geográfico como elemento de entrada [NR] | Derecho penal |
| 9 (RLIN) | 12805 |
| 650 04 - ASIENTO SECUNDARIO DE MATERIA - TERMINO TEMATICO [R] | |
| Término temático o nombre geográfico como elemento de entrada [NR] | Estado de derecho |
| 9 (RLIN) | 15014 |
| 700 1# - ASIENTO SECUNDARIO - NOMBRE PERSONAL [R] | |
| Nombre personal [NR] | Codino, Diego |
| 9 (RLIN) | 156843 |
| 700 1# - ASIENTO SECUNDARIO - NOMBRE PERSONAL [R] | |
| Nombre personal [NR] | Codino, Rodrigo |
| 9 (RLIN) | 156844 |
| 942 ## - ELEMENTOS DE ENTRADA AGREGADOS (KOHA) | |
| Tipo de ítem principal el descrito en 300a | Libro |
| Tema principal | Derecho |
| Edición | 1 |
| Parte restante de la signatura top. | F74 |
| Sistema de clasificación | DEWEY |
| Clasificación | 364.1 |
| Signatura topográfica | Código de barras | Última vez visto | Ejemplar | Price effective from | Tipo de ítem | Nota pública (OPAC) | Perdido | Sistema de clasificación | Dañado | No prestable | Tipo de ítem específico | Suprimido | Ubicación habitual | Ubicación actual | Localización | Fecha de creación | Forma de adquisición | Costo |
|---|---|---|---|---|---|---|---|---|---|---|---|---|---|---|---|---|---|---|
| 364.1 F74 | 100045213 | 04/12/2025 | Ej.1 | 03/02/2013 | Libro | Spot Criminología e Investigación Criminal | DEWEY | Libro | Claustro | Claustro | 3er piso | 28/02/2003 | Compra | 0.00 |